| 000 | 00765cam a22002533a 4500 | ||
|---|---|---|---|
| 001 | 13749 | ||
| 003 | PGUSA | ||
| 005 | 20140828083308.0 | ||
| 008 | 041014s2004||||xxu|||||s|||||000 | eng d | ||
| 040 |
_aPGUSA _beng |
||
| 042 | _adc | ||
| 050 | 4 | _aG | |
| 100 | 1 |
_aStevens, Thomas, _d1854-1935 |
|
| 245 | 1 | 0 |
_aAround the World on a Bicycle - Volume II : _bFrom Teheran To Yokohama _h[electronic resource] / _cThomas Stevens |
| 260 |
_bProject Gutenberg, _c2004 |
||
| 506 | _aPublic domain in the USA. | ||
| 516 | _aElectronic text | ||
| 653 | _aStevens, Thomas, 1854-1935 -- Travel | ||
| 653 | _aBicycle touring | ||
| 653 | _aVoyages around the world | ||
| 830 | 0 |
_aProject Gutenberg _v13749 |
|
| 856 | 4 | 0 | _uhttp://www.gutenberg.org/ebooks/13749 |
| 942 | _cEB | ||
| 999 |
_c243004 _d243004 |
||